000 00373 a2200169 4500
001 71589
020 _a8532237231
040 _cAnchieta - Colégio São Paulo
100 _aBarbosa, Nair de Medeiros
240 1 0 _aO sonho de Beto
_lpor
245 1 0 _aO sonho de Beto
300 _a37
362 0 _a1997
440 1 _aFTD
650 4 _aLiteratura infantil
942 _cBK
999 _c71589
_d71589